000 01212cam a2200301 a 4500
001 4946399
003 SISC
005 20160405134314.0
008 960930s1997 ilu 001 0 eng
010 _a 96046402
020 _a9780844259833
040 _aDLC
_cDLC
_dDLC
050 0 0 _aHF 5718.3
_b.Sm654 1997
082 0 0 _aHS 808.06
_bSm5 1997
100 1 _aSmith, Edward L.,
_d1951-
_914958
245 1 0 _aWriting at work :
_bprofessional writing skills for people on the job /
_cEdward L. Smith, Stephen A. Bernhardt.
260 _aLincolnwood, Ill. :
_bNTC Pub. Group,
_cc1997.
300 _a 391 p. ;
_c23 cm.
650 0 _aBusiness writing.
_92531
700 1 _aBernhardt, Stephen A.
_914957
856 4 2 _3Publisher description
_uhttp://www.loc.gov/catdir/description/mh024/96046402.html
856 4 1 _3Table of contents
_uhttp://www.loc.gov/catdir/toc/mh023/96046402.html
856 4 2 _3Contributor biographical information
_uhttp://www.loc.gov/catdir/enhancements/fy1012/96046402-b.html
906 _a7
_bcbc
_corignew
_d1
_eocip
_f19
_gy-gencatlg
942 _2lcc
_cBK
999 _c9760
_d9760